000 02430nam a2200457 i 4500
001 ebr11006493
003 CaPaEBR
006 m o d
007 cr cn|||||||||
008 140502t20142014gw a ob 001 0 eng|d
020 _z9783110271379 (hbk.)
020 _z3110271370 (hbk.)
020 _a9783110271782 (e-book)
040 _aCaPaEBR
_beng
_erda
_epn
_cCaPaEBR
035 _a(OCoLC)890070869
050 1 4 _aQA372
_b.V322 2014eb
082 0 4 _a530.15/5355
_223
100 1 _aVajravelu, Kuppalapalle,
_eauthor.
245 1 0 _aKeller-box method and its application /
_cby Kuppalapalle Vajravelu, Kerehalli V. Prasad.
264 1 _aBerlin ;
_aBoston :
_bDe Gruyter/Higher Education Press,
_c[2014]
264 4 _c�2014
300 _a1 online resource (414 pages) :
_billustrations.
336 _atext
_2rdacontent
337 _acomputer
_2rdamedia
338 _aonline resource
_2rdacarrier
490 1 _aDe Gruyter studies in mathematical physics,
_x2194-3532 ;
_vvolume 8
504 _aIncludes bibliographical references and index.
505 0 _aBasics of the finite difference approximations -- Principles of the implicit Keller-box method -- Stability and convergence of the implicit Keller-box method -- Application of the Keller-box method to boundary layer problems -- Application of the Keller-box method to fluid flow and heat transfer problems -- Application of the Keller-box method to more advanced problems.
588 _aDescription based on print version record.
590 _aElectronic reproduction. Palo Alto, Calif. : ebrary, 2015. Available via World Wide Web. Access may be limited to ebrary affiliated libraries.
650 0 _aDifferential equations, Nonlinear
_xNumerical solutions.
650 0 _aFinite differences.
650 0 _aNonlinear boundary value problems.
650 0 _aFluid mechanics.
655 0 _aElectronic books.
700 1 _aPrasad, Kerehalli V.,
_eauthor.
776 0 8 _iPrint version:
_aVajravelu, Kuppalapalle.
_tKeller-box method and its application.
_dBerlin : De Gruyter/Higher Education Press, [2014]
_hxi, 401 pages ; 25 cm.
_kDe Gruyter studies in mathematical physics ; volume 8
_x2194-3532 ;
_z9783110271379
_w(DLC) 201400739
797 2 _aebrary.
830 0 _aDe Gruyter studies in mathematical physics ;
_v8.
856 4 0 _uhttp://site.ebrary.com/lib/rucke/Doc?id=11006493
_zAn electronic book accessible through the World Wide Web; click to view
999 _c152180
_d152180